Statistics for Pokemon Name Meaning

Click here to take the quiz!

General Stats

  • This quiz has been taken 5 times
  • The average score is 15 of 50

Answer Stats

MeaningsPokemon% Correct
Pleasing to the eye + A species of flying insectBeautifly
100%
Fine, dry particles + PoisonousDustox
100%
Playful in an aimless way + Tropical plant similar to watermelonLudicolo
100%
Boggy area + Step on with forceMarshtomp
100%
Powerful + dog-like African mammalMightyena
100%
Material produced by some insects + A pupal casing made by some insectsSilcoon
100%
A piece of wood alight + Baby bird/chickenTorchic
100%
Line that sharply weaves back and forth + A species of mammal, usually nocturnalZigzagoon
100%
A dome shape + A fungusBreloom
67%
Wand used by royalty + Animal with scalesSceptile
67%
Premature ungrown plant + A small childSeedot
67%
To remove a shell or skin + Stealthy martial artShedinja
67%
Large reptile with protective shell + Black substance used as fuelTorkoal
67%
Energy, strength + A mammal commonly known for being slowVigoroth
67%
Forelimb of a bird that enables flight + A species of birdWingull
67%
Something that ruins or spoils + A type of puppet manipulated by stringsBanette
33%
A desert plant + Relating to the nightCacturne
33%
Blow up, erupt + High in volumeExploud
33%
Anagram relating to the stars + A type of danceRalts
33%
Cut or separate + A species of snakeSeviper
33%
Of or relating to the sun + Stone or boulderSolrock
33%
Rotate around + Large mammal native to ChinaSpinda
33%
High-pitched vocal sound + An air or melodyAltaria
0%
An ancient fossilized shrimp + Suffix referring to rockAnorith
0%
A blue color + Small brook or riverAzurill
0%
Newborn child + Mythical fire-breathing creatureBagon
0%
State of equilibrium + A playthingBaltoy
0%
To predict + State or shapeCastform
0%
To ring out + To reverberateChimecho
0%
A partial darkness between day and night + A monster with one eyeDusclops
0%
Weak + Species of fishFeebas
0%
The earth + Of great size/importance; lord or masterGroudon
0%
Japanese for "ocean" + Species of whaleKyogre
0%
Aggressive (British slang) + Heavy/tough metalLairon
0%
To lie hidden + Male suffixLatios
0%
The jaw of a voracious mammal + Deceitful cunning, trickeryMawile
0%
Solid material + Great, largeMetagross
0%
Sculpture known for its beauty + Foreign or unusual; beautifulMilotic
0%
Facial feature + Instrument that determine directionNosepass
0%
Beam of light + Distant starRayquaza
0%
Latin for "of or relating to royalty" + Frozen waterRegice
0%
Large voracious fish + Weapon used underwaterSharpedo
0%
Absent minded + A young catSkitty
0%
Frozen precipiation + The smallest of a litter of animalsSnorunt
0%
To eat + ManySwalot
0%
Shake rapidly + Young feeding stage of an insectVibrava
0%
Unit of electricity + RhythymVolbeat
0%
Large aquatic mammal + Master, sireWailord
0%
Marine creature + To rule over others, like royaltyWalrein
0%
Hair growing from the mouth + A species of fishWhiscash
0%

Score Distribution

Percentile by Number Answered

Percent of People with Each Score

Your Score History

You have not taken this quiz